Obchodné tajomstvo a jeho ochrana

Obchodné tajomstvo je jedna z najlacnejších možností, ako chrániť citlivé informácie pred konkurenciou. Regulácia obchodného tajomstva na úrovni Európskej Únie a Slovenskej Republiky. Definovanie obchodného tajomstva a spôsoby jeho nadobudnutia. Prehľad možností právnej ochrany obchodného tajomstva.

Salvato in:
Dettagli Bibliografici
Autore principale: Mesarčík, Matúš
Natura: Capitolo di libro
Lingua:slovacco
Soggetti:
Tags: Aggiungi Tag
Nessun Tag, puoi essere il primo ad aggiungerne!!

MARC

LEADER 00000naa a2200000 4500
001 0283105
005 20240417075201.9
041 0 |a slo 
044 |a SK 
245 1 0 |a Obchodné tajomstvo a jeho ochrana  |c Matúš Mesarčík 
520 |a Obchodné tajomstvo je jedna z najlacnejších možností, ako chrániť citlivé informácie pred konkurenciou. Regulácia obchodného tajomstva na úrovni Európskej Únie a Slovenskej Republiky. Definovanie obchodného tajomstva a spôsoby jeho nadobudnutia. Prehľad možností právnej ochrany obchodného tajomstva. 
610 2 0 |a tajomstvo obchodné 
610 2 0 |a podnikatelia 
610 2 0 |a podnikanie 
610 2 0 |a právo 
610 2 0 |a zákony 
610 2 0 |a legislatíva 
610 2 0 |a ochrana právna 
610 2 0 |a Slovensko 
610 2 0 |a Európska únia 
100 1 |a Mesarčík, Matúš